CCNA Sec Labpro

Giới thiệu các khái niệm về bảo mật, kỹ thuật phòng thủ, phương thức triển khai hạ tầng đảm bảo an toàn cho hệ thống cáp độ CCNA

Salvato in:
Dettagli Bibliografici
Autore principale: Bùi, Nguyễn Hoàng Long
Altri autori: Trung tâm tin học VNPRO
Natura: Libro
Lingua:Undetermined
Pubblicazione: H. Thông tin và truyền thông 2011
Soggetti:
Accesso online:http://lrc.tdmu.edu.vn/opac/search/detail.asp?aID=2&ID=16089
Tags: Aggiungi Tag
Nessun Tag, puoi essere il primo ad aggiungerne! !
Thư viện lưu trữ: Trung tâm Học liệu Trường Đại học Thủ Dầu Một
LEADER 00951nam a2200217Ia 4500
001 TDMU_16089
008 210410s9999 xx 000 0 und d
082 |a 005.8 
090 |b B510 
100 |a Bùi, Nguyễn Hoàng Long 
245 0 |a CCNA Sec Labpro 
245 0 |c Bùi Nguyễn Hoàng Long (biên soạn) 
260 |a H. 
260 |b Thông tin và truyền thông 
260 |c 2011 
300 |a 227tr. 
520 |a Giới thiệu các khái niệm về bảo mật, kỹ thuật phòng thủ, phương thức triển khai hạ tầng đảm bảo an toàn cho hệ thống cáp độ CCNA 
650 |a Mạng truyền thông  |x Security; Mạng truyền thông  |x Bảo mật; CISCO; CCNA; Security 
700 |a Trung tâm tin học VNPRO 
856 |u http://lrc.tdmu.edu.vn/opac/search/detail.asp?aID=2&ID=16089 
980 |a Trung tâm Học liệu Trường Đại học Thủ Dầu Một